LEGO Licensed Themes - Statistics

General Stats
  • This quiz has been taken 2,482 times
    546 since last reset
  • The average score is 13 of 47
Answer Stats
Answer % Correct
Star Wars
95%
Marvel Super Heroes
81%
Harry Potter
75%
DC Comics Super Heroes
69%
DC Super Hero Girls
69%
Batman
63%
Disney
60%
The Lord of the Rings
59%
Spider-Man
52%
Indiana Jones
48%
Super Mario
46%
Minecraft
41%
Jurassic World
39%
Pirates of the Caribbean
37%
The Hobbit
37%
Avatar
28%
Avatar The Last Airbender
28%
Sonic the Hedgehog
28%
The Simpsons
28%
Cars
27%
Toy Story
27%
Fortnite
25%
The Legend of Zelda
24%
SpongeBob SquarePants
22%
Stranger Things
21%
Ghostbusters
17%
One Piece
16%
Teenage Mutant Ninja Turtles
16%
Scooby-Doo
15%
Animal Crossing
14%
Bluey
14%
The Lone Ranger
12%
Wicked
12%
Despicable Me
11%
Speed Champions
11%
Prince of Persia
10%
Wednesday
10%
Overwatch
9%
The Angry Birds Movie
9%
Speed Racer
7%
The Powerpuff Girls
7%
Nike
6%
Gabby's Dollhouse
5%
Horizon
5%
Trolls World Tour
5%
Galidor
2%
Vidiyo
2%
No matching quizzes found
Score Distribution
Percent of People with Each Score
Percentile by Number Answered
Your Score History
You have not taken this quiz since the last reset